000 00206nam a22000977a 4500
999 _c16197
_d16197
003 OSt
008 200623b ||||| |||| 00| 0 eng d
100 _aS Narayanan
_94618
245 _aBsc Calculus
942 _cBK